Entry Personal Name
Number of records used in: 1
001 - CONTROL NUMBER
003 - CONTROL NUMBER IDENTIFIER
005 - DATE AND TIME OF LATEST TRANSACTION
- control field:
20231204162626.0
008 - FIXED-LENGTH DATA ELEMENTS
- fixed length control field:
860429n| acannaabn |a aaa
010 ## - LIBRARY OF CONGRESS CONTROL NUMBER
- LC control number:
n 85103796
035 ## - SYSTEM CONTROL NUMBER
- System control number:
(OCoLC)oca01611786
040 ## - CATALOGING SOURCE
- Original cataloging agency:
DLC
- Language of cataloging:
eng
- Transcribing agency:
DLC
- Modifying agency:
OCoLC
100 1# - HEADING--PERSONAL NAME
- Personal name:
Alam, Javeed
400 0# - SEE FROM TRACING--PERSONAL NAME
- Personal name:
Javeed Alam
670 ## - SOURCE DATA FOUND
- Source citation:
His Domination and dissent, 1985:
- Information found:
t.p. (Javeed Alam) jkt. (Ph. D., pol. sc., Jawaharlal Nehru U., New Delhi; asso. prof. Dept. of Pol. Sc., Himachal Pradesh U., Simla)